Responses for Show #4458 - Wednesday, January 14, 2004

Tom Walsh game 8.

Contestants

[<< previous game]

Steve Hall, a nurse and "Mr. Mom" from Hamden, Connecticut

Dave Fuller, a high school teacher from Midlothian, Virginia (whose 1-day cash winnings total $32,000)

Tom Walsh, a writer from Washington, D.C. (whose 7-day cash winnings total $184,900)

[next game >>]

Jeopardy! Round responses

CONNECTICUT
1980
VENTURE "A"
SHAMPOO
COLOR
CUT
    $200 1
Clocks

Dave
    $200 2
(Dave: Who are the blind?)

the deaf

DaveSteve
    $200 11
anyone

Tom
    $200 27
Johnson's

Tom
    $200 14
Manila

Dave
    $200 21
Apocalypse Now

Steve
    $400 3
bagels

Dave
    $400 4
Muhammad Ali

Tom
    $400 12
autopsy

Steve
    $400 28
Dove

Dave
    $400 15
(Alex: And we now have, what I referred to at the beginning of the program, a 3-way tie; will we end that way?)

Damascus

Dave
    $400 22
(Tom: What is "Two Days Later?")

Two Weeks Notice

Tom
Triple Stumper
    $600 5
(Dave: Who is Eleanor Roosevelt?)
(Tom: Who is Alice Longworth Roosevelt?)

Jackie Kennedy

TomDave
Triple Stumper
    $600 8
the eruption of Mount St. Helens

Dave
    $600 13
autobiography

Dave
    $600 29
Herbal Essences

Steve
    $600 16
Siena

Dave
    $600 23
Beauty and the Beast

Steve
    $800 6
piano keys

Tom
    $800 9
Bill Clinton

Tom
    $800 19
(Dave: What is avarice?)

anger

TomDave
    $800 30
Pantene

Dave
    $800 17
Orange

Dave
    $800 24
(Alex: Minute to go now.)

Cameron Crowe

Tom
    $1000 7
Norwalk

Triple Stumper
    $1000 10
the Susan B. Anthony dollar coins

Steve
    $1000 20
(Steve: What is archaeology?)
(Dave: What is audiology?)
(Tom: What is alimentary science?)
(Alex: Think of the Eustachian tube.)

anatomy

TomDaveSteve
Triple Stumper
    $1000 26
Pert

Dave
    $1000 18
Cambodia

Tom
    $1000 25
(Tom: Who is Judy Garland?)

Debbie Reynolds

Tom
Triple Stumper

Scores at the first commercial break (after clue 15):

Tom Dave Steve
$1,600 $1,600 $1,600

Scores at the end of the Jeopardy! Round:

Tom Dave Steve
$2,000 $3,400 $2,000

Double Jeopardy! Round responses

PSALMS PSUMMARY
ON THE RADIO
CLARK BAR
HOLEY
FOR BIRD BRAINS
"CON" GAME
    $400 1
David

Dave
    $400 16
"You've Lost That Lovin' Feelin'"

Dave
    $400 19
Dick Clark

Dave
    $400 26
a hobbit

Dave
    $400 3
parrots

Triple Stumper
    $400 2
convertible

Steve
    $800 12
idols

Tom
    $800 17
rap

Dave
    $800 20
William Clark

Dave
    $800 27
pencil sharpener

Dave
    $800 4
North America

Steve
    $800 8
conquistadors

Dave
    $3,000 13
shepherd

Tom
    $1200 18
Fresh Air

Steve
    $1200 21
Mary Higgins Clark

Dave
    $1200 28
the Black Hole of Calcutta

Steve
    $1200 5
Canadian geese

Steve
    $1200 9
Constantine

Dave
    $1600 14
acrostic

Tom
    $1600 24
the presidential address

Tom
    $1600 22
(Dave: Who is Arthur Clarke?)

Kenneth Clark

TomDave
    $1600 29
the Hole in the Wall

Steve
    $2,000 6
passenger pigeons

Steve
    $1600 10
confluence

Tom
    $2000 15
the meek shall inherit the Earth

Tom
    $2000 25
(Alex: With a minute to go.)

Texaco

Tom
    $2000 23
Ramsey Clark

Tom
    $2000 30
rabbit hole

Steve
    $2000 7
the roseate spoonbill

Dave
    $2000 11
conservatory

Triple Stumper

Scores at the end of the Double Jeopardy! Round:

Tom Dave Steve
$18,200 $11,000 $12,400

[wagering suggestions for these scores]

Final Jeopardy! Round responses

WORLD GEOGRAPHY
(Alex: We had problems there a few years ago. Tom, if you were right, you would have tied with Steve, but Steve's all by himself as the new Jeopardy! champion and giant killer!)
DaveWhat is Ethiopia?
$11,000
SteveWhat is Somalia?
$12,400
TomWhat is Ethiopia?
$6,600
Somalia

Final scores:

Tom Dave Steve
$11,600 $0 $24,800
2nd place: $2,000 3rd place: $1,000 New champion: $24,800

Game dynamics:

Coryat scores:

Tom Dave Steve
$16,400 $11,000 $12,000
17 R
(including 2 DDs),
4 W
22 R,
5 W
14 R
(including 1 DD),
1 W

Combined Coryat: $39,400

[game clues] [game scores] [suggest correction]

Game tape date: 2003-11-12
The J! Archive is created by fans, for fans. Scraping, republication, monetization, and malicious use prohibited; this site may use cookies and collect identifying information. See terms. The Jeopardy! game show and all elements thereof, including but not limited to copyright and trademark thereto, are the property of Jeopardy Productions, Inc. and are protected under law. This website is not affiliated with, sponsored by, or operated by Jeopardy Productions, Inc. Join the discussion at JBoard.tv.